[Event "Team men PL final"]
[Site "Sochi"]
[Date "2018.05.03"]
[Round "3.13"]
[White "Shinkevich, Vitaly"]
[Black "Khismatullin, Denis"]
[Result "1/2-1/2"]
[BlackElo "2632"]
[WhiteElo "2433"]
[LiveChessVersion "1.4.8"]

1. d4 {[%clk 1:30:57]} Nf6 {[%clk 1:30:53]} 2. c4 {[%clk 1:31:14]} e6
{[%clk 1:31:19]} 3. Nf3 {[%clk 1:31:33]} d5 {[%clk 1:30:14]} 4. Nc3
{[%clk 1:31:51]} a6 {[%clk 1:30:37]} 5. cxd5 {[%clk 1:28:21]} exd5
{[%clk 1:28:07]} 6. Bg5 {[%clk 1:28:23]} Be6 {[%clk 1:28:29]} 7. e3
{[%clk 1:28:24]} Nbd7 {[%clk 1:28:53]} 8. Bd3 {[%clk 1:27:55]} h6
{[%clk 1:28:11]} 9. Bxf6 {[%clk 1:15:41]} Nxf6 {[%clk 1:27:48]} 10. O-O
{[%clk 1:16:05]} Bd6 {[%clk 1:28:09]} 11. Ne5 {[%clk 1:11:01]} O-O
{[%clk 1:17:29]} 12. f4 {[%clk 1:10:42]} c5 {[%clk 1:05:03]} 13. Qf3
{[%clk 1:09:29]} Re8 {[%clk 1:05:19]} 14. Kh1 {[%clk 1:03:37]} cxd4
{[%clk 0:52:18]} 15. exd4 {[%clk 1:04:02]} Qb6 {[%clk 0:52:13]} 16. Qf2
{[%clk 1:00:59]} Rad8 {[%clk 0:51:27]} 17. Rad1 {[%clk 0:52:42]} Bb4
{[%clk 0:45:52]} 18. h3 {[%clk 0:44:11]} Bd7 {[%clk 0:35:02]} 19. Rfe1
{[%clk 0:31:16]} Bb5 {[%clk 0:27:57]} 20. Bb1 {[%clk 0:26:52]} Ne4
{[%clk 0:18:36]} 21. Qf3 {[%clk 0:22:32]} Bxc3 {[%clk 0:15:30]} 22. bxc3
{[%clk 0:21:23]} Ba4 {[%clk 0:12:30]} 23. Rc1 {[%clk 0:16:33]} Nd2
{[%clk 0:10:50]} 24. Qh5 {[%clk 0:15:15]} Qf6 {[%clk 0:09:34]} 25. f5
{[%clk 0:12:01]} Bb5 {[%clk 0:05:56]} 26. Bc2 {[%clk 0:09:23]} Nc4
{[%clk 0:03:27]} 27. a4 {[%clk 0:04:58]} Bc6 {[%clk 0:03:51]} 28. Nxc6
{[%clk 0:02:47]} Qxc6 {[%clk 0:03:48]} 29. f6 {[%clk 0:02:09]} Qxf6
{[%clk 0:01:26]} 30. Rxe8+ {[%clk 0:00:53]} Rxe8 {[%clk 0:01:54]} 31. Qxd5
{[%clk 0:01:17]} Qf4 {[%clk 0:00:57]} 32. Rg1 {[%clk 0:00:40]} Nd2
{[%clk 0:00:36]} 33. Bd3 {[%clk 0:00:42]} Qe3 {[%clk 0:00:34]} 34. Bg6
{[%clk 0:00:33]} Qf4 {[%clk 0:00:36]} 35. Bd3 {[%clk 0:00:50]} Qe3
{[%clk 0:00:36]} 36. Bg6 {[%clk 0:01:18]} Qf4 {[%clk 0:00:44]} 37. Bd3
{[%clk 0:01:47]} Qg3 {[%clk 0:00:34]} 38. Bb1 {[%clk 0:00:36]} Qxc3
{[%clk 0:00:36]} 39. Qxb7 {[%clk 0:00:56]} Qc4 {[%clk 0:00:36]} 40. a5
{[%clk 0:30:43]} g6 {[%clk 0:30:37]} 41. Qb2 {[%clk 0:21:33]} Re2
{[%clk 0:11:55]} 42. Ba2 {[%clk 0:15:21]} Qc8 {[%clk 0:08:51]} 43. Qb6
{[%clk 0:08:42]} Qf5 {[%clk 0:05:12]} 44. Qxa6 {[%clk 0:01:34]} Nf1
{[%clk 0:01:01]} 45. Bxf7+ {[%clk 0:00:53]} Qxf7 {[%clk 0:00:38]} 46. Qd3
{[%clk 0:00:50]} Re1 {[%clk 0:00:34]} 47. a6 {[%clk 0:00:33]} Kh7
{[%clk 0:00:35]} 48. Qf3 {[%clk 0:00:36]} Qxf3 {[%clk 0:00:31]} 49. gxf3
{[%clk 0:01:03]} Ra1 {[%clk 0:00:32]} 50. a7 {[%clk 0:01:10]} Kg7
{[%clk 0:00:44]} 51. a8=Q {[%clk 0:00:59]} Rxa8 {[%clk 0:01:03]} 52. Rxf1
{[%clk 0:01:25]} Ra2 {[%clk 0:01:21]} 53. Rd1 {[%clk 0:01:08]} Kf6
{[%clk 0:01:34]} 54. d5 {[%clk 0:01:18]} Ke5 {[%clk 0:00:36]} 55. d6
{[%clk 0:01:21]} Ra8 {[%clk 0:00:57]} 56. d7 {[%clk 0:01:37]} Rd8
{[%clk 0:01:22]} 57. Kg2 {[%clk 0:01:09]} Ke6 {[%clk 0:01:47]} 58. Re1+
{[%clk 0:01:12]} Kf6 {[%clk 0:02:11]} 59. Rd1 {[%clk 0:01:35]} Ke6
{[%clk 0:02:40]} 1/2-1/2

[Event "Team men PL final"]
[Site "Sochi"]
[Date "2018.05.03"]
[Round "3.14"]
[White "Bocharov, Dmitry"]
[Black "Palachev, Petr"]
[Result "1/2-1/2"]
[BlackElo "2402"]
[WhiteElo "2594"]
[LiveChessVersion "1.4.8"]

1. Nf3 {[%clk 1:30:30]} Nf6 {[%clk 1:30:29]} 2. c4 {[%clk 1:30:22]} e6
{[%clk 1:30:47]} 3. b3 {[%clk 1:29:56]} d5 {[%clk 1:30:34]} 4. Bb2
{[%clk 1:30:16]} b6 {[%clk 1:29:31]} 5. g3 {[%clk 1:24:12]} Bb7 {[%clk 1:28:13]}
6. Bg2 {[%clk 1:24:32]} c5 {[%clk 1:25:34]} 7. O-O {[%clk 1:20:15]} Be7
{[%clk 1:21:59]} 8. cxd5 {[%clk 1:20:29]} Bxd5 {[%clk 1:22:09]} 9. Nc3
{[%clk 1:15:52]} Bc6 {[%clk 1:11:35]} 10. d4 {[%clk 1:14:11]} Nbd7
{[%clk 1:03:49]} 11. dxc5 {[%clk 0:58:12]} Bxc5 {[%clk 0:54:23]} 12. e4
{[%clk 0:49:21]} O-O {[%clk 0:47:00]} 13. Qe2 {[%clk 0:48:03]} e5
{[%clk 0:35:49]} 14. Rad1 {[%clk 0:46:04]} Qb8 {[%clk 0:32:37]} 15. Nd5
{[%clk 0:39:38]} Re8 {[%clk 0:30:04]} 16. Nd2 {[%clk 0:31:00]} a5
{[%clk 0:23:25]} 17. Nc4 {[%clk 0:29:44]} a4 {[%clk 0:16:37]} 18. Bc3
{[%clk 0:23:13]} axb3 {[%clk 0:14:41]} 19. axb3 {[%clk 0:23:40]} Ra7
{[%clk 0:05:50]} 20. b4 {[%clk 0:18:32]} Bf8 {[%clk 0:04:29]} 21. Nce3
{[%clk 0:18:32]} Rc8 {[%clk 0:03:07]} 22. Rc1 {[%clk 0:07:58]} Nxd5
{[%clk 0:01:41]} 23. exd5 {[%clk 0:07:46]} Ba4 {[%clk 0:02:08]} 24. Qd3
{[%clk 0:04:22]} g6 {[%clk 0:00:37]} 25. Rfe1 {[%clk 0:03:28]} Re8
{[%clk 0:00:47]} 26. Qd2 {[%clk 0:01:54]} h5 {[%clk 0:00:33]} 27. Bb2
{[%clk 0:01:33]} Qd6 {[%clk 0:00:41]} 28. Bc3 {[%clk 0:01:07]} Rc7
{[%clk 0:00:43]} 29. Qa2 {[%clk 0:01:27]} b5 {[%clk 0:01:03]} 30. Bd2
{[%clk 0:01:25]} Rec8 {[%clk 0:01:25]} 31. Rc6 {[%clk 0:01:00]} Rxc6
{[%clk 0:01:51]} 32. dxc6 {[%clk 0:01:24]} Nb8 {[%clk 0:01:39]} 33. Bd5
{[%clk 0:00:40]} Rc7 {[%clk 0:01:20]} 34. Rc1 {[%clk 0:00:32]} Nxc6
{[%clk 0:01:20]} 35. Rc5 {[%clk 0:00:36]} Nxb4 {[%clk 0:00:34]} 36. Bxb4
{[%clk 0:00:43]} Rxc5 {[%clk 0:01:01]} 37. Bxf7+ {[%clk 0:00:40]} Kg7
{[%clk 0:01:10]} 38. Bxc5 {[%clk 0:00:38]} Qxc5 {[%clk 0:01:36]} 39. Bd5
{[%clk 0:00:42]} Qc7 {[%clk 0:00:34]} 40. Be4 {[%clk 0:30:46]} Bc5
{[%clk 0:30:32]} 41. Nd5 {[%clk 0:19:17]} Qf7 {[%clk 0:28:26]} 42. Kg2
{[%clk 0:13:19]} Bb3 {[%clk 0:08:53]} 43. Qb2 {[%clk 0:09:37]} Bxd5
{[%clk 0:05:00]} 44. Qxe5+ {[%clk 0:09:55]} Qf6 {[%clk 0:05:23]} 45. Qxf6+
{[%clk 0:10:08]} Kxf6 {[%clk 0:05:47]} 46. Bxd5 {[%clk 0:10:33]} b4
{[%clk 0:06:05]} 1/2-1/2

[Event "Team men PL final"]
[Site "Sochi"]
[Date "2018.05.03"]
[Round "3.15"]
[White "Skatchkov, Valery"]
[Black "Maletin, Pavel"]
[Result "0-1"]
[BlackElo "2572"]
[WhiteElo "2338"]
[LiveChessVersion "1.4.8"]

1. d4 {[%clk 1:30:58]} d5 {[%clk 1:30:51]} 2. c4 {[%clk 1:31:10]} c6
{[%clk 1:31:15]} 3. Nc3 {[%clk 1:31:29]} Nf6 {[%clk 1:31:26]} 4. Nf3
{[%clk 1:31:33]} e6 {[%clk 1:30:41]} 5. e3 {[%clk 1:31:44]} Nbd7 {[%clk 1:30:32]}
6. Qc2 {[%clk 1:31:56]} Bd6 {[%clk 1:30:46]} 7. Bd3 {[%clk 1:32:17]} O-O
{[%clk 1:31:07]} 8. O-O {[%clk 1:32:44]} dxc4 {[%clk 1:31:07]} 9. Bxc4
{[%clk 1:32:53]} Qe7 {[%clk 1:29:12]} 10. h3 {[%clk 1:27:39]} e5 {[%clk 1:28:18]}
11. Rd1 {[%clk 1:26:46]} Bc7 {[%clk 1:15:13]} 12. b3 {[%clk 1:17:31]} e4
{[%clk 0:56:16]} 13. Ng5 {[%clk 1:13:42]} b5 {[%clk 0:55:36]} 14. Be2
{[%clk 1:05:38]} Re8 {[%clk 0:53:56]} 15. f3 {[%clk 1:05:02]} Qd6
{[%clk 0:51:46]} 16. Ncxe4 {[%clk 0:42:20]} Qh2+ {[%clk 0:48:56]} 17. Kf2
{[%clk 0:42:08]} Nxe4+ {[%clk 0:30:43]} 18. Nxe4 {[%clk 0:41:40]} Rxe4
{[%clk 0:30:22]} 19. fxe4 {[%clk 0:36:06]} Bg3+ {[%clk 0:28:20]} 20. Kf3
{[%clk 0:35:56]} Ne5+ {[%clk 0:27:17]} 21. dxe5 {[%clk 0:36:18]} Bxh3
{[%clk 0:27:24]} 22. Bc4 {[%clk 0:20:41]} h5 {[%clk 0:19:37]} 23. Ke2
{[%clk 0:20:19]} Qxg2+ {[%clk 0:13:17]} 0-1

[Event "Team men PL final"]
[Site "Sochi"]
[Date "2018.05.03"]
[Round "3.16"]
[White "Tsydypov, Zhamsaran"]
[Black "Natacheev, Peter"]
[Result "1-0"]
[BlackElo "2243"]
[WhiteElo "2525"]
[LiveChessVersion "1.4.8"]

1. e4 {[%clk 1:30:14]} c5 {[%clk 1:30:15]} 2. Nf3 {[%clk 1:28:42]} Nc6
{[%clk 1:30:34]} 3. d4 {[%clk 1:28:59]} cxd4 {[%clk 1:30:49]} 4. Nxd4
{[%clk 1:29:22]} Nf6 {[%clk 1:30:36]} 5. Nc3 {[%clk 1:29:42]} e5 {[%clk 1:30:52]}
6. Ndb5 {[%clk 1:29:53]} d6 {[%clk 1:31:09]} 7. Nd5 {[%clk 1:27:27]} Nxd5
{[%clk 1:31:23]} 8. exd5 {[%clk 1:27:51]} Nb8 {[%clk 1:31:44]} 9. a4
{[%clk 1:27:48]} Be7 {[%clk 1:30:06]} 10. Be2 {[%clk 1:27:28]} O-O
{[%clk 1:29:57]} 11. O-O {[%clk 1:24:46]} Nd7 {[%clk 1:27:40]} 12. Be3
{[%clk 1:23:58]} a6 {[%clk 1:26:16]} 13. Na3 {[%clk 1:24:21]} b6 {[%clk 1:24:54]}
14. a5 {[%clk 1:21:37]} b5 {[%clk 1:22:37]} 15. c4 {[%clk 1:21:36]} bxc4
{[%clk 1:22:46]} 16. Nxc4 {[%clk 1:21:59]} Bb7 {[%clk 1:21:43]} 17. Ra3
{[%clk 1:19:07]} Rc8 {[%clk 1:20:58]} 18. Rb3 {[%clk 1:17:39]} Rc7
{[%clk 1:20:28]} 19. Nb6 {[%clk 1:10:20]} Nc5 {[%clk 1:14:29]} 20. Rc3
{[%clk 1:07:03]} Ne4 {[%clk 1:10:33]} 21. Rxc7 {[%clk 1:05:50]} Qxc7
{[%clk 1:11:01]} 22. Bc4 {[%clk 1:05:16]} f5 {[%clk 1:00:59]} 23. Qd3
{[%clk 1:04:37]} h6 {[%clk 0:55:45]} 24. b4 {[%clk 1:02:36]} Bd8 {[%clk 0:53:14]}
25. f3 {[%clk 1:00:16]} Ng5 {[%clk 0:53:20]} 26. b5 {[%clk 0:53:43]} axb5
{[%clk 0:50:40]} 27. Bxb5 {[%clk 0:52:15]} e4 {[%clk 0:51:04]} 28. fxe4
{[%clk 0:51:39]} Nxe4 {[%clk 0:51:31]} 29. Rc1 {[%clk 0:50:48]} Qf7
{[%clk 0:51:11]} 30. Bd7 {[%clk 0:47:52]} Kh8 {[%clk 0:48:05]} 31. Be6
{[%clk 0:45:47]} Qe7 {[%clk 0:47:50]} 32. Nd7 {[%clk 0:43:59]} Re8
{[%clk 0:44:40]} 33. a6 {[%clk 0:43:26]} Ba8 {[%clk 0:44:54]} 34. Rc8
{[%clk 0:33:29]} Ba5 {[%clk 0:44:59]} 35. Rxe8+ {[%clk 0:33:52]} Qxe8
{[%clk 0:45:25]} 36. Qb5 {[%clk 0:33:16]} Bc7 {[%clk 0:42:09]} 37. a7
{[%clk 0:32:36]} Qd8 {[%clk 0:42:29]} 38. Qb8 {[%clk 0:30:26]} Nf6
{[%clk 0:42:47]} 39. Bb6 {[%clk 0:30:40]} Bxb8 {[%clk 0:37:45]} 40. axb8=Q
{[%clk 0:59:47]} Qxb8 {[%clk 1:08:12]} 41. Nxb8 {[%clk 1:00:06]} Nxd5
{[%clk 1:08:38]} 42. Bxd5 {[%clk 0:58:04]} Bxd5 {[%clk 1:09:06]} 43. Bc7
{[%clk 0:58:27]} Kg8 {[%clk 1:09:27]} 44. Bxd6 {[%clk 0:58:45]} Kf7
{[%clk 1:09:43]} 45. g3 {[%clk 0:58:56]} Bc4 {[%clk 1:06:54]} 46. Nc6
{[%clk 0:58:39]} Bd5 {[%clk 1:07:05]} 47. Nd4 {[%clk 0:59:03]} Kf6
{[%clk 1:07:23]} 48. Kf2 {[%clk 0:59:26]} g5 {[%clk 1:07:37]} 49. Ke3
{[%clk 0:59:33]} Bb7 {[%clk 1:07:32]} 50. Bf8 {[%clk 0:59:42]} Kg6
{[%clk 1:07:47]} 51. Nf3 {[%clk 0:59:43]} Bc8 {[%clk 1:07:12]} 52. Ne5+
{[%clk 0:59:52]} Kf6 {[%clk 1:07:18]} 53. Kd4 {[%clk 1:00:12]} h5
{[%clk 1:07:37]} 54. Bh6 {[%clk 1:00:28]} Bb7 {[%clk 1:07:51]} 55. h4
{[%clk 1:00:05]} gxh4 {[%clk 1:08:07]} 56. gxh4 {[%clk 1:00:30]} Ke6
{[%clk 1:08:35]} 57. Nd3 {[%clk 1:00:46]} Bf3 {[%clk 1:08:51]} 58. Nf4+
{[%clk 1:01:11]} Kf6 {[%clk 1:09:14]} 59. Bg5+ {[%clk 1:01:36]} Kf7
{[%clk 1:09:32]} 60. Ke5 {[%clk 1:01:54]} Bg4 {[%clk 1:09:37]} 61. Nd5
{[%clk 1:02:14]} Bf3 {[%clk 1:09:33]} 62. Ne3 {[%clk 1:02:37]} Kg6
{[%clk 1:08:59]} 63. Nxf5 {[%clk 1:02:58]} Bg4 {[%clk 1:09:21]} 64. Ne7+
{[%clk 1:03:02]} Kf7 {[%clk 1:09:45]} 65. Nd5 {[%clk 1:03:16]} Kg6
{[%clk 1:10:07]} 66. Bd8 {[%clk 1:02:38]} Kf7 {[%clk 1:09:16]} 67. Nf6
{[%clk 1:03:01]} Bd1 {[%clk 1:09:19]} 68. Ke4 1-0

[Event "Team men PL final"]
[Site "Sochi"]
[Date "2018.05.03"]
[Round "3.17"]
[White "Pogorelskikh, Sergey"]
[Black "Bocharov, Ivan"]
[Result "1/2-1/2"]
[BlackElo "2547"]
[WhiteElo "2142"]
[LiveChessVersion "1.4.8"]

1. e4 {[%clk 1:30:54]} e5 {[%clk 1:30:56]} 2. Nf3 {[%clk 1:31:21]} Nc6
{[%clk 1:31:22]} 3. Bb5 {[%clk 1:31:46]} a6 {[%clk 1:31:46]} 4. Ba4
{[%clk 1:32:12]} Nf6 {[%clk 1:32:11]} 5. O-O {[%clk 1:32:37]} Be7
{[%clk 1:32:39]} 6. Bxc6 {[%clk 1:33:00]} dxc6 {[%clk 1:32:53]} 7. d3
{[%clk 1:33:23]} Nd7 {[%clk 1:29:16]} 8. b3 {[%clk 1:31:32]} O-O {[%clk 1:25:57]}
9. Bb2 {[%clk 1:31:48]} f6 {[%clk 1:26:04]} 10. Qe2 {[%clk 1:30:26]} Nc5
{[%clk 1:22:55]} 11. d4 {[%clk 1:30:41]} exd4 {[%clk 1:22:38]} 12. Nxd4
{[%clk 1:31:05]} Qe8 {[%clk 1:20:21]} 13. Nf5 {[%clk 1:27:18]} Bxf5
{[%clk 1:13:35]} 14. exf5 {[%clk 1:23:21]} Bd6 {[%clk 1:14:04]} 15. Re1
{[%clk 1:15:24]} Qxe2 {[%clk 1:10:49]} 16. Rxe2 {[%clk 1:15:33]} Rfe8
{[%clk 1:10:33]} 17. Nc3 {[%clk 1:14:14]} Rxe2 {[%clk 1:06:00]} 18. Nxe2
{[%clk 1:14:38]} Re8 {[%clk 1:06:22]} 19. Kf1 {[%clk 1:11:36]} Be5
{[%clk 1:02:50]} 20. Bd4 {[%clk 1:03:55]} Ne4 {[%clk 1:00:53]} 21. Rd1
{[%clk 1:01:02]} Nd6 {[%clk 0:59:34]} 22. Bxe5 {[%clk 0:55:00]} Rxe5
{[%clk 0:59:52]} 23. g4 {[%clk 0:55:15]} c5 {[%clk 0:45:39]} 24. f4
{[%clk 0:50:21]} Re8 {[%clk 0:41:54]} 25. Kf2 {[%clk 0:50:12]} c4
{[%clk 0:39:40]} 26. Kf3 {[%clk 0:49:46]} cxb3 {[%clk 0:37:06]} 27. cxb3
{[%clk 0:46:33]} Kf7 {[%clk 0:37:12]} 28. Nd4 {[%clk 0:44:39]} g6
{[%clk 0:26:29]} 29. fxg6+ {[%clk 0:41:24]} hxg6 {[%clk 0:26:58]} 30. f5
{[%clk 0:40:42]} Rh8 {[%clk 0:21:48]} 31. fxg6+ {[%clk 0:38:20]} Kxg6
{[%clk 0:20:45]} 32. Rd2 {[%clk 0:37:30]} Nf7 {[%clk 0:16:51]} 33. Nf5
{[%clk 0:29:33]} Ng5+ {[%clk 0:16:29]} 34. Kf4 {[%clk 0:24:26]} Rh3
{[%clk 0:16:37]} 35. Ng3 {[%clk 0:23:11]} c5 {[%clk 0:15:50]} 36. Re2
{[%clk 0:09:34]} b5 {[%clk 0:15:49]} 37. Rc2 {[%clk 0:08:13]} Ne6+
{[%clk 0:09:18]} 38. Ke4 {[%clk 0:07:50]} Kg5 {[%clk 0:09:47]} 39. Kd5
{[%clk 0:06:27]} Nf4+ {[%clk 0:10:16]} 40. Kxc5 {[%clk 0:35:55]} Kxg4
{[%clk 0:40:38]} 41. Ne4 {[%clk 0:30:14]} Rh6 {[%clk 0:40:43]} 42. Rd2
{[%clk 0:25:36]} f5 {[%clk 0:38:16]} 43. Nd6 {[%clk 0:25:25]} Ne6+
{[%clk 0:36:38]} 44. Kb6 {[%clk 0:24:55]} Ng5 {[%clk 0:36:27]} 45. Ka5
{[%clk 0:24:16]} f4 {[%clk 0:22:08]} 46. a4 {[%clk 0:16:09]} bxa4
{[%clk 0:21:54]} 47. bxa4 {[%clk 0:16:34]} f3 {[%clk 0:21:02]} 48. Nc4
{[%clk 0:12:22]} Kf4 {[%clk 0:16:19]} 49. Rd4+ {[%clk 0:05:52]} Ne4
{[%clk 0:16:48]} 50. Nd2 {[%clk 0:05:09]} Ke3 {[%clk 0:17:16]} 51. Nxf3
{[%clk 0:04:53]} Kxf3 {[%clk 0:17:46]} 52. Rb4 {[%clk 0:04:57]} Nc5
{[%clk 0:17:42]} 53. Rb6 {[%clk 0:04:05]} Rh5 {[%clk 0:11:52]} 54. Rc6
{[%clk 0:03:53]} Ke4 {[%clk 0:12:06]} 55. Kb6 {[%clk 0:04:14]} Kd4
{[%clk 0:12:25]} 56. a5 {[%clk 0:04:16]} Nb3 {[%clk 0:05:11]} 57. Kxa6
{[%clk 0:03:43]} Rxa5+ {[%clk 0:05:40]} 58. Kb6 {[%clk 0:03:54]} Rh5
{[%clk 0:06:08]} 59. Rg6 {[%clk 0:03:53]} Rxh2 {[%clk 0:06:04]} 60. Rg4+
{[%clk 0:03:37]} Kd5 {[%clk 0:06:32]} 61. Rg5+ {[%clk 0:03:41]} Kc4
{[%clk 0:07:01]} 62. Rg4+ {[%clk 0:03:41]} Nd4 {[%clk 0:07:30]} 63. Rg1
{[%clk 0:03:37]} Rh6+ {[%clk 0:07:24]} 64. Kc7 {[%clk 0:03:58]} Nf3
{[%clk 0:07:26]} 65. Rc1+ {[%clk 0:04:14]} Kd5 {[%clk 0:07:50]} 66. Kb7
{[%clk 0:04:01]} Nd4 {[%clk 0:08:19]} 67. Rg1 {[%clk 0:04:15]} Nb3
{[%clk 0:07:32]} 68. Rg5+ {[%clk 0:04:35]} Kc4 {[%clk 0:07:59]} 69. Rg4+
{[%clk 0:04:58]} Kb5 {[%clk 0:08:24]} 70. Kc7 {[%clk 0:04:21]} Nc5
{[%clk 0:08:11]} 71. Rg1 {[%clk 0:04:25]} Rc6+ {[%clk 0:08:14]} 72. Kd8
{[%clk 0:04:47]} Re6 {[%clk 0:08:43]} 73. Kc7 {[%clk 0:04:34]} Rc6+
{[%clk 0:07:42]} 74. Kd8 {[%clk 0:04:59]} Rd6+ {[%clk 0:08:11]} 75. Ke7
{[%clk 0:05:01]} Kc6 {[%clk 0:08:40]} 76. Rh1 {[%clk 0:04:55]} Re6+
{[%clk 0:08:39]} 77. Kf7 {[%clk 0:05:19]} Re2 {[%clk 0:09:05]} 78. Rh6+
{[%clk 0:05:28]} Kd7 {[%clk 0:09:29]} 79. Rb6 {[%clk 0:05:03]} Re7+
{[%clk 0:07:12]} 80. Kg6 {[%clk 0:05:18]} Kc7 {[%clk 0:06:50]} 81. Rb1
{[%clk 0:05:34]} Kd6 {[%clk 0:07:14]} 82. Rc1 {[%clk 0:05:36]} Re2
{[%clk 0:07:27]} 83. Kf5 {[%clk 0:05:44]} Rf2+ {[%clk 0:07:56]} 84. Kg4
{[%clk 0:06:04]} Kd5 {[%clk 0:08:05]} 85. Ra1 {[%clk 0:06:22]} Nb3
{[%clk 0:07:35]} 86. Ra8 {[%clk 0:06:46]} Nd4 {[%clk 0:07:58]} 87. Rb8
{[%clk 0:06:56]} 1/2-1/2

[Event "Team men PL final"]
[Site "Sochi"]
[Date "2018.05.03"]
[Round "3.18"]
[White "Khanin, Semen"]
[Black "Vdovin, Maxim"]
[Result "1-0"]
[BlackElo "2139"]
[WhiteElo "2477"]
[LiveChessVersion "1.4.8"]

1. e4 {[%clk 1:30:57]} e5 {[%clk 1:30:53]} 2. Bc4 {[%clk 1:31:22]} Nf6
{[%clk 1:31:18]} 3. d3 {[%clk 1:31:47]} Nc6 {[%clk 1:30:49]} 4. Nf3
{[%clk 1:32:12]} Be7 {[%clk 1:27:11]} 5. O-O {[%clk 1:32:27]} O-O
{[%clk 1:27:35]} 6. Re1 {[%clk 1:32:31]} d6 {[%clk 1:27:28]} 7. a4
{[%clk 1:32:54]} Be6 {[%clk 1:26:07]} 8. Nbd2 {[%clk 1:29:35]} h6
{[%clk 1:23:14]} 9. a5 {[%clk 1:28:00]} a6 {[%clk 1:11:25]} 10. c3
{[%clk 1:27:54]} Re8 {[%clk 1:11:38]} 11. Bxe6 {[%clk 1:17:52]} fxe6
{[%clk 1:12:03]} 12. Nc4 {[%clk 1:15:22]} Nh7 {[%clk 0:56:28]} 13. Qb3
{[%clk 1:12:26]} Rb8 {[%clk 0:53:28]} 14. Ne3 {[%clk 1:02:04]} Ng5
{[%clk 0:52:17]} 15. Nd2 {[%clk 1:00:03]} Bf6 {[%clk 0:44:50]} 16. Ndf1
{[%clk 0:56:56]} Qd7 {[%clk 0:40:19]} 17. Ng3 {[%clk 0:57:05]} Qf7
{[%clk 0:39:34]} 18. Rf1 {[%clk 0:54:29]} Ne7 {[%clk 0:34:35]} 19. f4
{[%clk 0:52:08]} exf4 {[%clk 0:34:54]} 20. Rxf4 {[%clk 0:52:33]} e5
{[%clk 0:33:14]} 21. Qxf7+ {[%clk 0:52:58]} Kxf7 {[%clk 0:33:40]} 22. Rf2
{[%clk 0:52:54]} Rf8 {[%clk 0:32:33]} 23. Nd5 {[%clk 0:45:39]} Nxd5
{[%clk 0:32:22]} 24. Bxg5 {[%clk 0:46:04]} Ne7 {[%clk 0:31:02]} 25. Bxf6
{[%clk 0:45:00]} gxf6 {[%clk 0:31:26]} 26. Nh5 {[%clk 0:44:50]} Kg6
{[%clk 0:31:30]} 27. g4 {[%clk 0:45:06]} Rf7 {[%clk 0:23:59]} 28. Raf1
{[%clk 0:44:21]} Rbf8 {[%clk 0:24:17]} 29. h3 {[%clk 0:34:01]} c6
{[%clk 0:14:09]} 30. b4 {[%clk 0:30:19]} d5 {[%clk 0:14:10]} 31. c4
{[%clk 0:30:08]} d4 {[%clk 0:07:27]} 32. Kg2 {[%clk 0:22:48]} Ng8
{[%clk 0:06:54]} 33. Kf3 {[%clk 0:17:24]} Rb8 {[%clk 0:04:38]} 34. Kg2
{[%clk 0:15:41]} b6 {[%clk 0:03:55]} 35. axb6 {[%clk 0:15:17]} Rxb6
{[%clk 0:04:24]} 36. Ra1 {[%clk 0:15:42]} Rxb4 {[%clk 0:03:16]} 37. Rxa6
{[%clk 0:16:07]} Ne7 {[%clk 0:03:34]} 38. Ra7 {[%clk 0:16:22]} Rb3
{[%clk 0:03:47]} 39. Rf3 {[%clk 0:16:44]} Rb2+ {[%clk 0:01:47]} 40. Kg3
{[%clk 0:47:06]} Rb6 {[%clk 0:31:01]} 41. Rc7 {[%clk 0:40:10]} Ra6
{[%clk 0:28:54]} 42. Kh4 {[%clk 0:36:45]} Ng8 {[%clk 0:26:35]} 43. Rc8
{[%clk 0:34:23]} Ne7 {[%clk 0:26:54]} 44. Re8 {[%clk 0:33:04]} Ra7
{[%clk 0:26:57]} 45. Rd8 {[%clk 0:33:12]} c5 {[%clk 0:26:29]} 46. Rd6
{[%clk 0:32:10]} Ng8 {[%clk 0:26:52]} 47. Rd8 {[%clk 0:31:34]} Ne7
{[%clk 0:26:47]} 48. Kg3 {[%clk 0:30:00]} Rb7 {[%clk 0:21:13]} 49. h4
{[%clk 0:28:36]} Rb6 {[%clk 0:20:35]} 50. Ra8 {[%clk 0:27:39]} Rc6
{[%clk 0:15:56]} 51. Rf2 {[%clk 0:27:54]} Rb6 {[%clk 0:16:11]} 52. Ra5
{[%clk 0:27:43]} Rc6 {[%clk 0:15:30]} 53. Rb2 {[%clk 0:28:06]} f5
{[%clk 0:15:10]} 54. Ra7 {[%clk 0:17:36]} fxe4 {[%clk 0:13:17]} 55. dxe4
{[%clk 0:18:02]} Nc8 {[%clk 0:13:22]} 56. Rxf7 {[%clk 0:15:11]} Kxf7
{[%clk 0:13:48]} 57. Rf2+ {[%clk 0:14:59]} Ke7 {[%clk 0:12:50]} 58. Rf5
{[%clk 0:13:54]} Kd6 {[%clk 0:08:39]} 59. g5 {[%clk 0:12:24]} hxg5
{[%clk 0:08:45]} 60. hxg5 {[%clk 0:12:30]} Ne7 {[%clk 0:08:41]} 61. Rf8
{[%clk 0:12:14]} Rc8 {[%clk 0:08:19]} 62. Rf6+ {[%clk 0:11:30]} Kd7
{[%clk 0:08:12]} 63. g6 {[%clk 0:11:15]} Rh8 {[%clk 0:08:31]} 64. Kg4
{[%clk 0:10:56]} d3 {[%clk 0:07:48]} 65. Rf3 {[%clk 0:07:40]} Nxg6
{[%clk 0:08:11]} 66. Rxd3+ {[%clk 0:08:06]} Kc6 {[%clk 0:08:16]} 67. Rf3
{[%clk 0:06:35]} Nf4 {[%clk 0:07:28]} 68. Nxf4 {[%clk 0:06:32]} Rg8+
{[%clk 0:07:33]} 69. Kf5 {[%clk 0:06:54]} exf4 {[%clk 0:07:59]} 70. e5
{[%clk 0:07:09]} Rg1 {[%clk 0:04:55]} 71. Kf6 {[%clk 0:04:37]} Rh1
{[%clk 0:04:43]} 72. Rxf4 {[%clk 0:04:30]} Rh6+ {[%clk 0:04:19]} 73. Ke7
{[%clk 0:03:53]} Rh7+ {[%clk 0:04:43]} 74. Ke6 {[%clk 0:04:19]} Rh5
{[%clk 0:04:25]} 75. Rf6 {[%clk 0:04:38]} Rh4 {[%clk 0:04:14]} 76. Kf7+
{[%clk 0:05:04]} Kc7 {[%clk 0:04:28]} 77. e6 {[%clk 0:05:23]} Rh7+
{[%clk 0:04:36]} 78. Ke8 {[%clk 0:05:15]} Rh8+ {[%clk 0:03:59]} 79. Rf8
{[%clk 0:05:38]} Rh4 {[%clk 0:04:15]} 80. e7 {[%clk 0:05:31]} Rxc4
{[%clk 0:04:41]} 81. Kf7 {[%clk 0:05:55]} Rf4+ {[%clk 0:04:57]} 82. Kg6
{[%clk 0:06:18]} Re4 {[%clk 0:05:06]} 83. e8=Q {[%clk 0:06:43]} Rxe8
{[%clk 0:05:34]} 84. Rxe8 {[%clk 0:07:09]} Kd6 {[%clk 0:05:59]} 85. Kf5
{[%clk 0:07:33]} Kd5 {[%clk 0:06:25]} 86. Rd8+ {[%clk 0:07:51]} 1-0